00309nam a2200121Ia 4500008004100000041000800041082001600049100001900065245003800084260002900122300001900151999001700170241015s9999 xx 000 0 und d aeng a658.406 CAM aEsther Cameron aMaking Sense Of Change Management bKogen PageaLondonc2011 a370;. P. 23 cm c41740d41740